000 00225nam a2200085Ia 4500
245 0 _aVUUR VIR 'N DONKER AAND
100 _a BERGH, Rene Kaapstad, 1984
_947336
942 _cBK
008 210825s9999 xx 000 0 und d
999 _c537143
_d537142